Amores que duran... y duran... y duran: claves para superar las creencias destructivas que separan a las parejas (Registro nro. 12072)
[ vista simple ]
| 000 -Cabecera | |
|---|---|
| Campo de control de longitud fija | 00799nam a22002657a 4500 |
| 005 - Fecha y hora de la última transacción | |
| Campo de control | 20231010121950.0 |
| 008 - Elementos de longitud fija--Información general | |
| Campo de control de longitud fija | 190613b2006 xxu||||| |||| 00| 0 spa d |
| 020 ## - International Standard Book Number | |
| Número Internacional Estándar del Libro (ISBN) | 9789688607824 |
| 041 ## - Idioma | |
| Código de idioma | Español |
| 082 ## - Clasificación Decimal Dewey | |
| Número de clasificación | 306.872 M385a |
| 100 ## - Entrada principal--Autor personal | |
| Nombre personal | Martínez, Jesús Miguel |
| 9 (RLIN) | 54413 |
| 245 ## - Título propiamente dicho | |
| Título | Amores que duran... y duran... y duran: claves para superar las creencias destructivas que separan a las parejas |
| 260 ## - Pie de imprenta | |
| Lugar de publicación, distribución, etc. | México |
| 260 ## - Pie de imprenta | |
| Nombre del editor, distribuidor, etc. | Pax |
| 260 ## - Pie de imprenta | |
| Fecha de publicación, distribución, etc. | 2006 |
| 300 ## - Descripción física | |
| Extensión | 296 páginas |
| 650 ## - Materia general | |
| Temática (materia general) | RELACIÓN ESPOSO-ESPOSA |
| 650 ## - Materia general | |
| Temática (materia general) | RELACIONES DE PAREJA |
| 650 ## - Materia general | |
| Temática (materia general) | CREENCIA DISFUNCIONAL |
| 650 ## - Materia general | |
| Temática (materia general) | ELEGIR PAREJA |
| 650 ## - Materia general | |
| Temática (materia general) | CONSOLIDACIÓN DE LA PAREJA |
| 650 ## - Materia general | |
| Temática (materia general) | SEPARACIÓN |
| 650 ## - Materia general | |
| Temática (materia general) | PSICOTERAPIA |
| 942 ## - Punto de acceso adicional KOHA | |
| Tipo de ítem KOHA | Libro |
| Fuente del sistema de clasificación o colocación | Dewey Decimal Classification |
| Signatura completa | Código de barras | Tipo de ítem |
|---|---|---|
| 306.872 M385a | 16927 | Libro |